000 00544nam a2200217 a 4500
999 _c6632
_d6632
001 6632
003 BD-JhCC
005 20180130101302.0
008 180127b1962 enka|||| ||a| 000 0 eng d
035 _a(BD-JhCC)6632
040 _aBD-JhCC
_dBD-JhCC
041 _aeng
082 _a823.008
_bHUM 1962
245 _aHumorists of the Eighteenth Century /
_cG. G. Urwin
260 _aLondon :
_bJohn Murray,
_c1962.
300 _a336 p. :
_c19 cm.
650 _aEnglish Fiction
700 _aUrwin, G. G.
942 _2ddc
_cBK